书目信息 |
| 题名: |
明清传奇选
|
|
| 作者: | 赵景深 著 | |
| 分册: | ||
| 出版信息: | 北京 中国青年出版社 1981 |
|
| 页数: | 132页 | |
| 开本: | 19cm | |
| 丛书名: | ||
| 单 册: | ||
| 中图分类: | I237.2 , I23 | |
| 科图分类: | ||
| 主题词: | 传奇剧(戏曲)--剧本--中国--明清时代--选集 | |
| 电子资源: | ||
| ISBN: | ||
| 000 | 00621nam0 2200229 450 | |
| 001 | 1561847101 | |
| 005 | 20150118171116.01 | |
| 010 | @dCNY0.40 | |
| 091 | @a10009.259 | |
| 100 | @a19950623d1981 em y0chiy0110 ea | |
| 101 | 0 | @achi |
| 102 | @aCN@b110000 | |
| 105 | @ay z 000by | |
| 200 | 1 | @a明清传奇选@9ming qing chuan qi xuan@f赵景深著 |
| 210 | @a北京@c中国青年出版社@d1981 | |
| 215 | @a132页@d19cm | |
| 606 | 0 | @a传奇剧(戏曲)@x剧本@y中国@z明清时代@x选集 |
| 690 | @aI237.2@v5 | |
| 690 | @aI23@v4 | |
| 701 | 0 | @a赵景深@9zhao jing shen@f(1902~1985)@4著 |
| 801 | 0 | @aCN@bTSSF@c20150115 |
| 905 | @aZUCC@dI23@eJY27 | |
| 明清传奇选/赵景深著.-北京:中国青年出版社,1981 |
| 132页;19cm |
| ISBN :CNY0.40 |
| ● |
| 相关链接 |
|
|
|
|
正题名:明清传奇选
索取号:I23/JY27
 
预约/预借
| 序号 | 登录号 | 条形码 | 馆藏地/架位号 | 状态 | 备注 |
| 1 | 7835420 | 278354200 | 学院路分馆/ [索取号:I23/JY27] | 在馆 |